• 首页
  • 本馆介绍
  • 公告通知
  • 最新文献
  • 馆藏检索
  • 电子资源
  • 读者导购
  • 参考咨询
  • 我的图书馆
  • 登录
  • 详细信息显示
  • 放入我的书架
  • 预约/预借图书
  • 作者相关作品
  • 分类相关作品
  • 丛书相关作品
  • 出版社相关作品

书目信息

  • 表格格式
  • 工作单格式
  • 卡片格式
题名:
贪污贿赂犯罪案件口供问题研究
    
 
作者: 李明蓉 著
分册:  
出版信息: 北京   中国人民公安大学出版社  2016
页数: 297页
开本: 24cm
丛书名: 诉讼法学文库
单 册:
中图分类: D924.392.4
科图分类:
主题词: 贪污贿赂罪--证据--研究--中国
电子资源:
ISBN: 978-7-5653-2711-7
000 01607oam2 2200265 450
001 6040
005 20180530112233.23
010    @a978-7-5653-2711-7@dCNY80.00
100    @a20170427d2016 em y0chiy50 ea
101 0  @achi
102    @aCN@b110000
105    @ay z 000yy
200 1  @a贪污贿赂犯罪案件口供问题研究@9tan wu hui lu fan zui an jian kou gong wen ti yan jiu@dResearch on oral confession problems in bribery and corruption cases@f李明蓉著@zeng
210    @a北京@c中国人民公安大学出版社@d2016
215    @a297页@d24cm
225 2  @a诉讼法学文库@h2016@v1@f樊崇义总主编
314    @a李明蓉,汉族,福建晋江人,厦门大学法学学士、法律硕士,中国政法大学法学博士。先后从事律师、检察官等工作,现任福建省检察院副检察长,厦门大学法学院兼职教授。曾在《福建论坛》《中国法律》《中国刑事法杂志》《国家检察官学院学报》《人民检察》等刊物上发表多篇文章。主要研究方向:诉讼法学、检察学。
330    @a本书建立在广泛调查研究、实证分析基础之上,针对贪污贿赂犯罪口供问题进行了系统性的研究。书中科学地界定了口供的证据地位、功能、作用,并向丰富的司法实践学习,借鉴其他国家和地区的制度,提出了一系列具有创新意义的贪污贿赂案件刑事诉讼证据运用规则和方法。作为对本土司法实践的总结和反思,全书对解决贪污贿赂犯罪案件口供依赖问题提供了可资借鉴的路径和方法,内容深入并有针对性,对我国持续深入的反腐败刑事诉讼具有建设性意义。
461  0 @12001 @a诉讼法学文库
510 1  @aResearch on oral confession problems in bribery and corruption cases@zeng
606 0  @a贪污贿赂罪@x证据@x研究@y中国
690    @aD924.392.4@v5
701  0 @a李明蓉@9li ming rong@c(女)@4著
801  0 @aCN@b91MARC@c20170427
905    @aMuseLib@dD924.392.4@e876
    
    贪污贿赂犯罪案件口供问题研究=Research on oral confession problems in bribery and corruption cases/李明蓉著.-北京:中国人民公安大学出版社,2016
    297页;24cm.-(诉讼法学文库.2016;1/樊崇义总主编)
    
    
    ISBN 978-7-5653-2711-7:CNY80.00
    本书建立在广泛调查研究、实证分析基础之上,针对贪污贿赂犯罪口供问题进行了系统性的研究。书中科学地界定了口供的证据地位、功能、作用,并向丰富的司法实践学习,借鉴其他国家和地区的制度,提出了一系列具有创新意义的贪污贿赂案件刑事诉讼证据运用规则和方法。作为对本土司法实践的总结和反思,全书对解决贪污贿赂犯罪案件口供依赖问题提供了可资借鉴的路径和方法,内容深入并有针对性,对我国持续深入的反腐败刑事诉讼具有建设性意义。
●
相关链接 在E读中查询图书 在五车中查询图书 在当当中查询图书 在豆瓣中查询图书


正题名:贪污贿赂犯罪案件口供问题研究     索取号:D924.392.4/876         预约/预借

序号 登录号 条形码 馆藏地/架位号 状态 备注
1 1115801   211158012   第一样本阅览室/ [索取号:D924.392.4/876] 在馆    
2 1115802   211158021   教育系资料室/ [索取号:D924.392.4/876] 在馆    
唐山师范学院图书馆 欢迎您!
大连网信软件有限公司© 版权所有